[Event "DEM U14 2023"]
[Site "Willingen GER"]
[Date "2023.06.03"]
[Round "9"]
[White "Schuricht, Emil Frederick"]
[Black "Besou, Hussain"]
[Result "1/2-1/2"]
[Termination "normal"]
[Board "1"]
[BlackTitle "FM"]
[WhiteElo "1888"]
[BlackElo "2304"]
[WhiteClock "00:36:55"]
[BlackClock "00:19:42"]
[PlyCount "45"]
[WhiteFideId "16270185"]
[BlackFideId "16269950"]
[EventCountry "GER"]
[EventRounds "9"]
[EventType "swiss"]
[EventDate "2023.05.27"]

1. d4 {[%clk 01:30:50]} {[%emt 00:00:08]} Nf6 {[%clk 01:30:53]} {[%emt
00:00:08]} 2. c4 {[%clk 01:31:06]} {[%emt 00:00:14]} e6 {[%clk 01:31:15]}
{[%emt 00:00:07]} 3. Nc3 {[%clk 01:31:29]} {[%emt 00:00:08]} Bb4 {[%clk
01:31:40]} {[%emt 00:00:05]} 4. Qc2 {[%clk 01:31:47]} {[%emt 00:00:12]} O-O
{[%clk 01:31:57]} {[%emt 00:00:12]} 5. a3 {[%clk 01:31:58]} {[%emt 00:00:22]}
Bxc3+ {[%clk 01:32:13]} {[%emt 00:00:14]} 6. Qxc3 {[%clk 01:32:19]} {[%emt
00:00:08]} b6 {[%clk 01:32:37]} {[%emt 00:00:06]} 7. Bg5 {[%clk 01:32:38]}
{[%emt 00:00:11]} Bb7 {[%clk 01:32:30]} {[%emt 00:00:37]} 8. f3 {[%clk
01:32:37]} {[%emt 00:00:31]} d5 {[%clk 01:31:16]} {[%emt 00:01:43]} 9. e3
{[%clk 01:31:19]} {[%emt 00:01:48]} Nbd7 {[%clk 01:30:53]} {[%emt 00:00:53]}
10. cxd5 {[%clk 01:30:46]} {[%emt 00:01:04]} exd5 {[%clk 01:31:10]} {[%emt
00:00:14]} 11. Bd3 {[%clk 01:28:40]} {[%emt 00:02:35]} Re8 {[%clk 01:28:51]}
{[%emt 00:02:49]} 12. Ne2 {[%clk 01:26:28]} {[%emt 00:02:42]} h6 {[%clk
01:28:15]} {[%emt 00:01:06]} 13. Bh4 {[%clk 01:25:34]} {[%emt 00:01:23]} c6
{[%clk 01:11:20]} {[%emt 00:17:25]} 14. O-O {[%clk 01:18:24]} {[%emt 00:07:40]}
Qe7 {[%clk 01:11:11]} {[%emt 00:00:39]} 15. Bf2 {[%clk 01:18:29]} {[%emt
00:00:25]} c5 {[%clk 01:11:28]} {[%emt 00:00:14]} 16. Rad1 {[%clk 01:10:07]}
{[%emt 00:08:50]} Rac8 {[%clk 01:03:08]} {[%emt 00:08:51]} 17. Qd2 {[%clk
01:06:51]} {[%emt 00:03:47]} g6 {[%clk 00:43:14]} {[%emt 00:20:23]} 18. Rfe1
{[%clk 01:02:09]} {[%emt 00:05:12]} Nf8 {[%clk 00:36:35]} {[%emt 00:07:09]} 19.
Nc3 {[%clk 00:56:31]} {[%emt 00:06:08]} Ne6 {[%clk 00:30:43]} {[%emt 00:06:22]}
20. Bb1 {[%clk 00:54:34]} {[%emt 00:02:27]} Rcd8 {[%clk 00:24:52]} {[%emt
00:06:21]} 21. Kh1 {[%clk 00:47:53]} {[%emt 00:07:11]} Kg7 {[%clk 00:24:13]}
{[%emt 00:01:09]} 22. Bh4 {[%clk 00:43:51]} {[%emt 00:04:32]} Rd7 {[%clk
00:19:42]} {[%emt 00:05:02]} 23. Qe2 {[%clk 00:36:55]} {[%emt 00:07:26]}
1/2-1/2

[Event "DEM U14 2023"]
[Site "Willingen GER"]
[Date "2023.06.03"]
[Round "9"]
[White "Haug, Havard"]
[Black "Ermitsch, Magnus"]
[Result "1-0"]
[Termination "normal"]
[Board "2"]
[WhiteTitle "CM"]
[BlackTitle "FM"]
[WhiteElo "2202"]
[BlackElo "2275"]
[WhiteClock "00:47:23"]
[BlackClock "00:29:40"]
[PlyCount "63"]
[WhiteFideId "1547887"]
[BlackFideId "16234464"]
[EventCountry "GER"]
[EventRounds "9"]
[EventType "swiss"]
[EventDate "2023.05.27"]

1. e4 {[%clk 01:30:57]} {[%emt 00:00:03]} c5 {[%clk 01:30:48]} {[%emt
00:00:13]} 2. c3 {[%clk 01:31:11]} {[%emt 00:00:14]} Nf6 {[%clk 01:31:12]}
{[%emt 00:00:06]} 3. e5 {[%clk 01:31:22]} {[%emt 00:00:20]} Nd5 {[%clk
01:31:28]} {[%emt 00:00:13]} 4. Nf3 {[%clk 01:31:35]} {[%emt 00:00:16]} e6
{[%clk 01:31:51]} {[%emt 00:00:07]} 5. d4 {[%clk 01:31:53]} {[%emt 00:00:12]}
cxd4 {[%clk 01:32:16]} {[%emt 00:00:06]} 6. cxd4 {[%clk 01:32:08]} {[%emt
00:00:17]} d6 {[%clk 01:32:19]} {[%emt 00:00:25]} 7. Bc4 {[%clk 01:32:10]}
{[%emt 00:00:28]} Be7 {[%clk 01:32:41]} {[%emt 00:00:08]} 8. O-O {[%clk
01:32:22]} {[%emt 00:00:17]} O-O {[%clk 01:33:04]} {[%emt 00:00:08]} 9. Qe2
{[%clk 01:32:38]} {[%emt 00:00:16]} b6 {[%clk 01:33:24]} {[%emt 00:00:08]} 10.
Rd1 {[%clk 01:32:13]} {[%emt 00:00:55]} Bb7 {[%clk 01:33:25]} {[%emt 00:00:30]}
11. Bxd5 {[%clk 01:32:35]} {[%emt 00:00:07]} exd5 {[%clk 01:33:50]} {[%emt
00:00:05]} 12. Nc3 {[%clk 01:27:33]} {[%emt 00:05:34]} Na6 {[%clk 01:33:52]}
{[%emt 00:00:25]} 13. Bf4 {[%clk 01:24:56]} {[%emt 00:03:07]} Nc7 {[%clk
01:29:02]} {[%emt 00:05:21]} 14. exd6 {[%clk 01:23:41]} {[%emt 00:01:44]} Bxd6
{[%clk 01:29:31]} 15. Bxd6 {[%clk 01:23:40]} {[%emt 00:00:30]} Qxd6 {[%clk
01:30:00]} {[%emt 00:00:04]} 16. Qe5 {[%clk 01:21:39]} {[%emt 00:02:30]} Qd8
{[%clk 01:26:33]} {[%emt 00:03:55]} 17. Re1 {[%clk 01:19:02]} {[%emt 00:03:08]}
Ne6 {[%clk 01:14:36]} {[%emt 00:12:27]} 18. h4 {[%clk 01:15:53]} {[%emt
00:03:39]} h6 {[%clk 01:13:20]} {[%emt 00:01:46]} 19. Rac1 {[%clk 01:11:52]}
{[%emt 00:04:30]} Ba6 {[%clk 00:50:57]} {[%emt 00:22:53]} 20. Qxd5 {[%clk
01:06:58]} {[%emt 00:05:25]} Nf4 {[%clk 00:48:32]} {[%emt 00:02:55]} 21. Qxd8
{[%clk 01:06:49]} {[%emt 00:00:39]} Rfxd8 {[%clk 00:49:00]} {[%emt 00:00:01]}
22. Re3 {[%clk 00:58:38]} {[%emt 00:08:41]} Nd3 {[%clk 00:43:11]} {[%emt
00:06:19]} 23. Rc2 {[%clk 00:57:32]} {[%emt 00:01:37]} g5 {[%clk 00:36:03]}
{[%emt 00:07:37]} 24. hxg5 {[%clk 00:56:55]} {[%emt 00:01:08]} hxg5 {[%clk
00:36:32]} 25. Nxg5 {[%clk 00:51:34]} {[%emt 00:05:52]} Rxd4 {[%clk 00:36:43]}
{[%emt 00:00:18]} 26. Rg3 {[%clk 00:51:53]} {[%emt 00:00:11]} Kf8 {[%clk
00:35:28]} {[%emt 00:01:45]} 27. Re2 {[%clk 00:49:18]} {[%emt 00:03:06]} Rh4
{[%clk 00:34:57]} {[%emt 00:01:00]} 28. Rf3 {[%clk 00:48:33]} {[%emt 00:01:16]}
Rg4 {[%clk 00:30:26]} {[%emt 00:05:01]} 29. Rxf7+ {[%clk 00:46:11]} {[%emt
00:02:52]} Kg8 {[%clk 00:30:48]} {[%emt 00:00:07]} 30. Nce4 {[%clk 00:46:37]}
{[%emt 00:00:05]} Rh4 {[%clk 00:29:16]} {[%emt 00:02:01]} 31. Nf6+ {[%clk
00:46:59]} {[%emt 00:00:09]} Kh8 {[%clk 00:29:40]} {[%emt 00:00:05]} 32. Ree7
{[%clk 00:47:23]} {[%emt 00:00:07]} 1-0

[Event "DEM U14 2023"]
[Site "Willingen GER"]
[Date "2023.06.03"]
[Round "9"]
[White "Malinowsky, Levi"]
[Black "Nechitaylo, Nikita"]
[Result "0-1"]
[Termination "normal"]
[Board "3"]
[WhiteElo "2173"]
[BlackElo "2144"]
[WhiteClock "00:02:56"]
[BlackClock "00:00:33"]
[PlyCount "79"]
[WhiteFideId "16253094"]
[BlackFideId "34138161"]
[EventCountry "GER"]
[EventRounds "9"]
[EventType "swiss"]
[EventDate "2023.05.27"]

1. e4 {[%clk 01:30:57]} {[%emt 00:00:02]} c5 {[%clk 01:30:52]} {[%emt
00:00:09]} 2. Nf3 {[%clk 01:31:20]} {[%emt 00:00:07]} Nc6 {[%clk 01:31:08]}
{[%emt 00:00:14]} 3. Bb5 {[%clk 01:31:41]} {[%emt 00:00:10]} g6 {[%clk
01:31:23]} {[%emt 00:00:15]} 4. O-O {[%clk 01:31:28]} {[%emt 00:00:42]} Bg7
{[%clk 01:31:46]} {[%emt 00:00:08]} 5. c3 {[%clk 01:31:44]} {[%emt 00:00:14]}
e5 {[%clk 01:32:10]} {[%emt 00:00:08]} 6. d3 {[%clk 01:28:54]} {[%emt
00:03:19]} Nge7 {[%clk 01:29:42]} {[%emt 00:02:58]} 7. Be3 {[%clk 01:25:12]}
{[%emt 00:04:11]} Qb6 {[%clk 01:26:14]} {[%emt 00:03:59]} 8. Na3 {[%clk
01:23:13]} {[%emt 00:02:29]} O-O {[%clk 01:21:31]} {[%emt 00:05:13]} 9. b4
{[%clk 01:19:55]} {[%emt 00:03:48]} d6 {[%clk 01:21:41]} {[%emt 00:00:20]} 10.
Rb1 {[%clk 01:16:39]} {[%emt 00:03:46]} a6 {[%clk 01:17:36]} {[%emt 00:04:36]}
11. bxc5 {[%clk 01:15:54]} {[%emt 00:01:15]} dxc5 {[%clk 01:17:26]} {[%emt
00:00:39]} 12. Nc4 {[%clk 01:15:49]} {[%emt 00:00:35]} Qc7 {[%clk 01:12:06]}
{[%emt 00:05:50]} 13. Bxc6 {[%clk 01:15:37]} {[%emt 00:00:42]} Qxc6 {[%clk
01:12:30]} {[%emt 00:00:07]} 14. Ncxe5 {[%clk 01:14:46]} {[%emt 00:01:21]} Qe6
{[%clk 00:55:50]} {[%emt 00:17:09]} 15. Qb3 {[%clk 01:09:31]} {[%emt 00:05:45]}
Qd6 {[%clk 00:55:51]} {[%emt 00:00:29]} 16. d4 {[%clk 00:55:43]} {[%emt
00:14:19]} b5 {[%clk 00:50:07]} {[%emt 00:06:13]} 17. Bf4 {[%clk 00:49:06]}
{[%emt 00:07:07]} c4 {[%clk 00:49:26]} {[%emt 00:01:11]} 18. Qc2 {[%clk
00:46:30]} {[%emt 00:03:06]} Qd8 {[%clk 00:42:23]} {[%emt 00:07:33]} 19. Nd2
{[%clk 00:37:22]} {[%emt 00:09:38]} f6 {[%clk 00:41:35]} {[%emt 00:01:18]} 20.
Nef3 {[%clk 00:37:05]} {[%emt 00:00:46]} g5 {[%clk 00:41:20]} {[%emt 00:00:46]}
21. Be3 {[%clk 00:34:42]} {[%emt 00:02:53]} h6 {[%clk 00:29:03]} {[%emt
00:12:47]} 22. Ne1 {[%clk 00:33:19]} {[%emt 00:01:53]} f5 {[%clk 00:25:15]}
{[%emt 00:04:18]} 23. f3 {[%clk 00:33:34]} {[%emt 00:00:15]} Qc7 {[%clk
00:15:54]} {[%emt 00:09:51]} 24. Qc1 {[%clk 00:28:03]} {[%emt 00:05:59]} Ng6
{[%clk 00:11:32]} {[%emt 00:04:54]} 25. g3 {[%clk 00:27:28]} {[%emt 00:01:04]}
f4 {[%clk 00:10:56]} {[%emt 00:01:07]} 26. Bf2 {[%clk 00:27:25]} {[%emt
00:00:33]} Bh3 {[%clk 00:10:16]} {[%emt 00:01:10]} 27. Ng2 {[%clk 00:27:40]}
{[%emt 00:00:15]} h5 {[%clk 00:09:21]} {[%emt 00:01:25]} 28. Re1 {[%clk
00:18:50]} {[%emt 00:09:20]} g4 {[%clk 00:08:20]} {[%emt 00:01:31]} 29. fxg4
{[%clk 00:17:40]} {[%emt 00:01:40]} hxg4 {[%clk 00:08:42]} {[%emt 00:00:08]}
30. Nxf4 {[%clk 00:15:50]} {[%emt 00:02:20]} Nxf4 {[%clk 00:05:18]} {[%emt
00:03:54]} 31. gxf4 {[%clk 00:16:16]} {[%emt 00:00:04]} Bh6 {[%clk 00:05:05]}
{[%emt 00:00:44]} 32. Bg3 {[%clk 00:14:35]} {[%emt 00:02:10]} Bxf4 {[%clk
00:04:42]} {[%emt 00:00:52]} 33. Bxf4 {[%clk 00:14:23]} {[%emt 00:00:44]} Rxf4
{[%clk 00:00:40]} {[%emt 00:04:31]} 34. Re2 {[%clk 00:12:16]} {[%emt 00:02:37]}
Raf8 {[%clk 00:00:59]} {[%emt 00:00:11]} 35. Qe1 {[%clk 00:10:04]} {[%emt
00:02:42]} Qf7 {[%clk 00:01:11]} {[%emt 00:00:18]} 36. e5 {[%clk 00:06:28]}
{[%emt 00:04:07]} Qf5 {[%clk 00:00:32]} {[%emt 00:01:09]} 37. e6 {[%clk
00:05:18]} {[%emt 00:01:40]} Qg6 {[%clk 00:00:31]} {[%emt 00:00:30]} 38. e7
{[%clk 00:03:33]} {[%emt 00:02:14]} Re8 {[%clk 00:00:59]} {[%emt 00:00:02]} 39.
Re3 {[%clk 00:02:56]} {[%emt 00:01:08]} Rf7 {[%clk 00:00:33]} {[%emt 00:00:56]}
40. Qe2 {[%emt 00:03:19]} 0-1

[Event "DEM U14 2023"]
[Site "Willingen GER"]
[Date "2023.06.03"]
[Round "9"]
[White "Dordevic, Tom"]
[Black "Dyachuk, Artem"]
[Result "1-0"]
[Termination "normal"]
[Board "4"]
[BlackTitle "FM"]
[WhiteElo "2068"]
[BlackElo "2312"]
[WhiteClock "00:08:40"]
[BlackClock "00:11:40"]
[PlyCount "61"]
[WhiteFideId "16260503"]
[BlackFideId "34107924"]
[EventCountry "GER"]
[EventRounds "9"]
[EventType "swiss"]
[EventDate "2023.05.27"]

1. d4 {[%clk 01:30:58]} {[%emt 00:00:01]} Nf6 {[%clk 01:30:54]} {[%emt
00:00:07]} 2. Nf3 {[%clk 01:31:23]} {[%emt 00:00:06]} e6 {[%clk 01:31:14]}
{[%emt 00:00:09]} 3. Bf4 {[%clk 01:31:46]} {[%emt 00:00:07]} d5 {[%clk
01:29:56]} {[%emt 00:01:48]} 4. e3 {[%clk 01:31:33]} {[%emt 00:00:43]} Bd6
{[%clk 01:29:28]} {[%emt 00:00:58]} 5. Bg3 {[%clk 01:31:36]} {[%emt 00:00:27]}
O-O {[%clk 01:29:41]} {[%emt 00:00:17]} 6. Nbd2 {[%clk 01:31:38]} {[%emt
00:00:28]} c5 {[%clk 01:28:08]} {[%emt 00:02:03]} 7. c3 {[%clk 01:31:57]}
{[%emt 00:00:12]} Nc6 {[%clk 01:27:09]} {[%emt 00:01:28]} 8. Bd3 {[%clk
01:30:54]} {[%emt 00:01:33]} b6 {[%clk 01:22:57]} {[%emt 00:04:42]} 9. Ne5
{[%clk 01:28:44]} {[%emt 00:02:39]} Bb7 {[%clk 01:18:55]} {[%emt 00:04:34]} 10.
O-O {[%clk 01:25:49]} {[%emt 00:03:23]} Ne7 {[%clk 01:16:01]} {[%emt 00:03:25]}
11. Qf3 {[%clk 01:17:14]} {[%emt 00:09:04]} Ng6 {[%clk 01:14:11]} {[%emt
00:02:20]} 12. Rfe1 {[%clk 01:09:14]} {[%emt 00:08:30]} Rc8 {[%clk 01:01:15]}
{[%emt 00:13:27]} 13. Rad1 {[%clk 01:03:39]} {[%emt 00:06:05]} Bb8 {[%clk
00:53:49]} {[%emt 00:07:56]} 14. Qe2 {[%clk 00:57:04]} {[%emt 00:07:05]} cxd4
{[%clk 00:50:34]} {[%emt 00:03:44]} 15. exd4 {[%clk 00:53:46]} {[%emt
00:03:48]} Nxe5 {[%clk 00:50:11]} {[%emt 00:00:53]} 16. dxe5 {[%clk 00:48:12]}
{[%emt 00:06:05]} Nd7 {[%clk 00:50:25]} {[%emt 00:00:16]} 17. Qh5 {[%clk
00:43:43]} {[%emt 00:04:58]} g6 {[%clk 00:38:50]} {[%emt 00:12:06]} 18. Qh3
{[%clk 00:41:42]} {[%emt 00:02:31]} Qe8 {[%clk 00:31:17]} {[%emt 00:08:03]} 19.
Nf3 {[%clk 00:35:00]} {[%emt 00:07:11]} Kg7 {[%clk 00:31:12]} {[%emt 00:00:35]}
20. Bf4 {[%clk 00:33:31]} {[%emt 00:01:59]} Rh8 {[%clk 00:27:58]} {[%emt
00:03:45]} 21. Bh6+ {[%clk 00:29:35]} {[%emt 00:04:25]} Kg8 {[%clk 00:28:23]}
{[%emt 00:00:05]} 22. Bb5 {[%clk 00:26:10]} {[%emt 00:03:55]} Bc6 {[%clk
00:27:18]} {[%emt 00:01:36]} 23. Ba6 {[%clk 00:26:13]} {[%emt 00:00:27]} Rc7
{[%clk 00:27:14]} {[%emt 00:00:33]} 24. Nd4 {[%clk 00:24:05]} {[%emt 00:02:38]}
Nc5 {[%clk 00:24:23]} {[%emt 00:03:22]} 25. Qh4 {[%clk 00:16:22]} {[%emt
00:08:12]} f5 {[%clk 00:23:04]} {[%emt 00:01:50]} 26. exf6 {[%clk 00:16:15]}
{[%emt 00:00:37]} Rf7 {[%clk 00:20:27]} {[%emt 00:03:07]} 27. b4 {[%clk
00:13:35]} {[%emt 00:03:10]} Ba4 {[%clk 00:19:35]} {[%emt 00:01:22]} 28. bxc5
{[%clk 00:11:58]} {[%emt 00:02:06]} Bxd1 {[%clk 00:19:48]} {[%emt 00:00:18]}
29. Rxe6 {[%clk 00:09:48]} {[%emt 00:02:39]} Qa4 {[%clk 00:12:49]} {[%emt
00:07:30]} 30. Bb5 {[%clk 00:08:18]} {[%emt 00:02:00]} Rf8 {[%clk 00:11:40]}
{[%emt 00:01:39]} 31. f7+ {[%clk 00:08:40]} {[%emt 00:00:08]} 1-0

[Event "DEM U14 2023"]
[Site "Willingen GER"]
[Date "2023.06.03"]
[Round "9"]
[White "Bräutigam, Alexander"]
[Black "Sauer, Tim"]
[Result "0-1"]
[Termination "normal"]
[Board "5"]
[WhiteElo "1892"]
[BlackElo "2093"]
[WhiteClock "00:25:22"]
[BlackClock "00:05:01"]
[PlyCount "78"]
[WhiteFideId "16245210"]
[BlackFideId "16265726"]
[EventCountry "GER"]
[EventRounds "9"]
[EventType "swiss"]
[EventDate "2023.05.27"]

1. c4 {[%clk 01:30:59]} {[%emt 00:00:01]} g6 {[%clk 01:30:55]} {[%emt
00:00:06]} 2. Nc3 {[%clk 01:31:23]} {[%emt 00:00:08]} Bg7 {[%clk 01:31:22]} 3.
g3 {[%clk 01:31:46]} {[%emt 00:00:08]} Nf6 {[%clk 01:31:46]} {[%emt 00:00:05]}
4. Bg2 {[%clk 01:32:10]} {[%emt 00:00:08]} O-O {[%clk 01:32:09]} {[%emt
00:00:05]} 5. d3 {[%clk 01:30:55]} {[%emt 00:01:44]} d6 {[%clk 01:32:35]}
{[%emt 00:00:05]} 6. e4 {[%clk 01:31:06]} {[%emt 00:00:19]} c5 {[%clk
01:32:39]} {[%emt 00:00:25]} 7. Nge2 {[%clk 01:31:25]} {[%emt 00:00:12]} Nc6
{[%clk 01:33:05]} {[%emt 00:00:04]} 8. O-O {[%clk 01:31:45]} {[%emt 00:00:09]}
Ne8 {[%clk 01:32:53]} {[%emt 00:00:46]} 9. Be3 {[%clk 01:30:13]} {[%emt
00:02:00]} Nd4 {[%clk 01:32:45]} {[%emt 00:00:38]} 10. h3 {[%clk 01:29:16]}
{[%emt 00:01:26]} Bd7 {[%clk 01:31:19]} {[%emt 00:01:57]} 11. f4 {[%clk
01:24:50]} {[%emt 00:04:55]} Rb8 {[%clk 01:29:43]} {[%emt 00:02:07]} 12. Rb1
{[%clk 01:12:40]} {[%emt 00:12:39]} Nc7 {[%clk 01:12:27]} {[%emt 00:17:47]} 13.
Bf2 {[%clk 00:50:59]} {[%emt 00:22:11]} b5 {[%clk 01:03:29]} {[%emt 00:09:28]}
14. b3 {[%clk 00:50:48]} {[%emt 00:00:41]} a5 {[%clk 00:53:53]} {[%emt
00:10:05]} 15. Nxd4 {[%clk 00:47:28]} {[%emt 00:03:50]} cxd4 {[%clk 00:52:15]}
{[%emt 00:02:07]} 16. Ne2 {[%clk 00:47:12]} {[%emt 00:00:47]} e5 {[%clk
00:52:10]} {[%emt 00:00:36]} 17. Kh2 {[%clk 00:44:59]} {[%emt 00:02:43]} Na6
{[%clk 00:48:34]} {[%emt 00:04:06]} 18. a3 {[%clk 00:43:08]} {[%emt 00:02:20]}
Qc7 {[%clk 00:45:31]} {[%emt 00:03:34]} 19. Qd2 {[%clk 00:42:03]} {[%emt
00:01:35]} bxc4 {[%clk 00:43:44]} {[%emt 00:02:16]} 20. bxc4 {[%clk 00:38:49]}
{[%emt 00:03:44]} Nc5 {[%clk 00:40:54]} {[%emt 00:03:20]} 21. g4 {[%clk
00:35:48]} {[%emt 00:03:33]} Nb3 {[%clk 00:26:33]} {[%emt 00:14:49]} 22. Qa2
{[%clk 00:35:34]} {[%emt 00:00:44]} a4 {[%clk 00:24:08]} {[%emt 00:02:56]} 23.
f5 {[%clk 00:34:52]} {[%emt 00:01:11]} Nc5 {[%clk 00:18:29]} {[%emt 00:06:09]}
24. Qc2 {[%clk 00:29:58]} {[%emt 00:05:24]} Rb3 {[%clk 00:15:17]} {[%emt
00:03:42]} 25. Rxb3 {[%clk 00:30:17]} {[%emt 00:00:12]} axb3 {[%clk 00:15:36]}
{[%emt 00:00:10]} 26. Qb1 {[%clk 00:27:22]} {[%emt 00:03:25]} Qa7 {[%clk
00:12:20]} {[%emt 00:03:47]} 27. Bh4 {[%clk 00:27:09]} {[%emt 00:00:42]} f6
{[%clk 00:10:01]} {[%emt 00:02:50]} 28. g5 {[%clk 00:27:24]} {[%emt 00:00:15]}
gxf5 {[%clk 00:10:21]} {[%emt 00:00:10]} 29. gxf6 {[%clk 00:25:31]} {[%emt
00:02:23]} Bxf6 {[%clk 00:10:41]} {[%emt 00:00:09]} 30. Bxf6 {[%clk 00:25:48]}
{[%emt 00:00:13]} Rxf6 {[%clk 00:11:08]} {[%emt 00:00:04]} 31. Qc1 {[%clk
00:25:28]} {[%emt 00:00:49]} f4 {[%clk 00:11:25]} {[%emt 00:00:13]} 32. Qe1
{[%clk 00:25:33]} {[%emt 00:00:25]} Be6 {[%clk 00:09:43]} {[%emt 00:02:12]} 33.
Qh4 {[%clk 00:25:49]} {[%emt 00:00:14]} Qg7 {[%clk 00:08:07]} {[%emt 00:02:06]}
34. Bf3 {[%clk 00:26:03]} {[%emt 00:00:16]} Qh6 {[%clk 00:06:48]} {[%emt
00:01:50]} 35. Rg1+ {[%clk 00:26:07]} {[%emt 00:00:26]} Kf8 {[%clk 00:06:49]}
{[%emt 00:00:29]} 36. Qxh6+ {[%clk 00:25:18]} {[%emt 00:01:18]} Rxh6 {[%clk
00:07:09]} {[%emt 00:00:10]} 37. Bg2 {[%clk 00:25:20]} {[%emt 00:00:28]} Nxd3
{[%clk 00:06:57]} {[%emt 00:00:41]} 38. Nc1 {[%clk 00:25:19]} {[%emt 00:00:31]}
Bxc4 {[%clk 00:07:01]} {[%emt 00:00:26]} 39. Bf1 {[%clk 00:25:22]} {[%emt
00:00:27]} b2 {[%clk 00:05:01]} {[%emt 00:02:30]} 0-1

[Event "DEM U14 2023"]
[Site "Willingen GER"]
[Date "2023.06.03"]
[Round "9"]
[White "Sommer, Justus"]
[Black "Blodig, Vincent"]
[Result "1-0"]
[Termination "normal"]
[Board "6"]
[WhiteElo "2047"]
[BlackElo "1580"]
[WhiteClock "00:08:12"]
[BlackClock "00:13:39"]
[PlyCount "65"]
[WhiteFideId "16245008"]
[BlackFideId "16297857"]
[EventCountry "GER"]
[EventRounds "9"]
[EventType "swiss"]
[EventDate "2023.05.27"]

1. d4 {[%clk 01:30:55]} {[%emt 00:00:06]} Nf6 {[%clk 01:30:52]} {[%emt
00:00:08]} 2. c4 {[%clk 01:31:20]} {[%emt 00:00:04]} e6 {[%clk 01:31:14]}
{[%emt 00:00:08]} 3. Nc3 {[%clk 01:31:42]} {[%emt 00:00:07]} Bb4 {[%clk
01:31:38]} {[%emt 00:00:08]} 4. e3 {[%clk 01:31:59]} {[%emt 00:00:13]} O-O
{[%clk 01:31:38]} {[%emt 00:00:29]} 5. Bd2 {[%clk 01:32:03]} {[%emt 00:00:25]}
c5 {[%clk 01:31:28]} {[%emt 00:00:41]} 6. a3 {[%clk 01:31:47]} {[%emt
00:00:46]} Bxc3 {[%clk 01:31:39]} {[%emt 00:00:20]} 7. Bxc3 {[%clk 01:32:10]}
{[%emt 00:00:06]} Ne4 {[%clk 01:31:27]} {[%emt 00:00:43]} 8. Qc2 {[%clk
01:29:32]} {[%emt 00:03:06]} Nxc3 {[%clk 01:31:51]} {[%emt 00:00:08]} 9. Qxc3
{[%clk 01:29:55]} {[%emt 00:00:05]} cxd4 {[%clk 01:31:13]} {[%emt 00:01:08]}
10. exd4 {[%clk 01:30:15]} {[%emt 00:00:11]} d5 {[%clk 01:26:48]} {[%emt
00:04:55]} 11. Nf3 {[%clk 01:28:32]} {[%emt 00:02:12]} Nc6 {[%clk 01:26:07]}
{[%emt 00:01:11]} 12. c5 {[%clk 01:27:51]} {[%emt 00:01:12]} Re8 {[%clk
01:20:33]} {[%emt 00:06:04]} 13. Bb5 {[%clk 01:23:39]} {[%emt 00:04:41]} e5
{[%clk 01:01:50]} {[%emt 00:19:14]} 14. O-O {[%clk 01:11:04]} {[%emt 00:13:01]}
e4 {[%clk 00:59:14]} {[%emt 00:03:09]} 15. Ne5 {[%clk 01:08:27]} {[%emt
00:03:07]} Qc7 {[%clk 00:52:57]} {[%emt 00:06:48]} 16. Rae1 {[%clk 00:51:17]}
{[%emt 00:17:40]} f6 {[%clk 00:51:22]} {[%emt 00:02:04]} 17. Nd3 {[%clk
00:49:19]} {[%emt 00:02:28]} Bd7 {[%clk 00:46:10]} {[%emt 00:05:42]} 18. Nb4
{[%clk 00:47:11]} {[%emt 00:02:39]} Nxb4 {[%clk 00:46:00]} {[%emt 00:00:40]}
19. Qxb4 {[%clk 00:47:24]} {[%emt 00:00:16]} Bxb5 {[%clk 00:45:27]} {[%emt
00:01:04]} 20. Qxb5 {[%clk 00:47:48]} {[%emt 00:00:06]} Qc6 {[%clk 00:45:43]}
{[%emt 00:00:13]} 21. Qb3 {[%clk 00:46:58]} {[%emt 00:01:20]} f5 {[%clk
00:45:24]} {[%emt 00:00:49]} 22. f3 {[%clk 00:45:46]} {[%emt 00:01:42]} Re6
{[%clk 00:42:11]} {[%emt 00:03:43]} 23. fxe4 {[%clk 00:43:53]} {[%emt
00:02:23]} fxe4 {[%clk 00:42:29]} {[%emt 00:00:13]} 24. Rf5 {[%clk 00:43:58]}
{[%emt 00:00:25]} Rd8 {[%clk 00:41:50]} {[%emt 00:01:08]} 25. Qg3 {[%clk
00:33:59]} {[%emt 00:10:27]} b6 {[%clk 00:36:26]} {[%emt 00:05:55]} 26. Qg5
{[%clk 00:31:59]} {[%emt 00:02:30]} Rd7 {[%clk 00:24:21]} {[%emt 00:12:36]} 27.
Ref1 {[%clk 00:26:53]} {[%emt 00:05:36]} Re8 {[%clk 00:24:33]} {[%emt
00:00:16]} 28. Rf6 {[%clk 00:22:46]} {[%emt 00:04:38]} Qa4 {[%clk 00:19:55]}
{[%emt 00:05:09]} 29. b4 {[%clk 00:15:26]} {[%emt 00:07:50]} Qb3 {[%clk
00:18:23]} {[%emt 00:02:01]} 30. c6 {[%clk 00:10:30]} {[%emt 00:05:27]} Rde7
{[%clk 00:18:34]} {[%emt 00:00:18]} 31. R6f5 {[%clk 00:08:22]} {[%emt
00:02:39]} e3 {[%clk 00:13:27]} {[%emt 00:05:38]} 32. Qxe7 {[%clk 00:07:48]}
{[%emt 00:01:03]} Rxe7 {[%clk 00:13:39]} {[%emt 00:00:18]} 33. Rf8# {[%clk
00:08:12]} {[%emt 00:00:05]} 1-0